| 000 | 01322cam a2200145 4500500 | ||
|---|---|---|---|
| 005 | 20251214002753.0 | ||
| 041 | _afre | ||
| 042 | _adc | ||
| 100 | 1 | 0 |
_aBoulze-Launay, Isabelle _eauthor |
| 700 | 1 | 0 |
_aBoulze, Isabelle _eauthor |
| 245 | 0 | 0 | _aL'alcoolisme : Psychopathologie psychanalytique |
| 260 |
_bArmand Colin,
_c2011. |
||
| 520 | _aCet ouvrage décrit la réalité complexe de l’alcoolisme, troisième rang des causes de décès en France. L’approche psychopathologique, soutenue par l’auteur, facilite un repérage clinique des différentes formes d’alcoolisme (alcoolisme secondaire et alcoolisme primaire). Elle favorise une meilleure compréhension de la souffrance psychique de ces patients et de leurs prises en charge. Exposant les principales théories psychanalytiques à partir d’auteurs de référence comme Freud, Lacan et Winnicott mais aussi d’auteurs contemporains, l’ouvrage propose également des développements sur les dispositifs thérapeutiques et une théorisation originale de l’alcoolisme. Illustré par de nombreuses séquences cliniques, ce livre sera d’un recours précieux aux étudiants en psychologie, en médecine ainsi qu’aux professionnels de santé. | ||
| 856 | 4 | 1 | _uhttps://shs.cairn.info/l-alcoolisme--9782200254575?lang=fr&redirect-ssocas=7080 |
| 999 |
_c1567396 _d1567396 |
||